[Event "SV Bönen 1 - SV Kamen 2"]
[Site "Verbandsliga - Gruppe 1 2021/"]
[Date "2021.11.14"]
[Round "2.1"]
[White "Traunecker, Thomas"]
[Black "Schlottmann, Fabian"]
[Result "0-1"]
[WhiteElo "1888"]
[BlackElo "2298"]
[PlyCount "134"]
[EventDate "2021.??.??"]
[WhiteTeam "SV Kamen 2"]
[BlackTeam "SV Bönen 1"]

1. Nf3 Nf6 2. c4 g6 3. d4 Bg7 4. Nc3 d5 5. Bg5 O-O 6. e3 c6 7. Qb3 e6 8. e4
dxe4 9. Nxe4 Qa5+ 10. Bd2 Qb6 11. Nd6 c5 12. dxc5 Qxc5 13. Bb4 Qb6 14. c5 Qc7
15. Bc4 Bd7 16. O-O Bc6 17. Rfe1 Bd5 18. Nb5 Qc8 19. Nd6 Qc7 20. Nb5 Qc6 21.
Ne5 Qxb5 22. Bxb5 Bxb3 23. axb3 Rd8 24. c6 bxc6 25. Nxc6 Nxc6 26. Bxc6 Rab8 27.
Bc3 Rdc8 28. Bf3 Ne8 29. Bxg7 Kxg7 30. Rxa7 Rxb3 31. h3 Kf6 32. Rd1 Rc7 33. Ra8
Ng7 34. Rd2 Nf5 35. Be4 Ne7 36. Ra3 Rb4 37. Bf3 h5 38. g3 Rc1+ 39. Kg2 h4 40.
gxh4 Rxh4 41. Bg4 Nd5 42. Kg3 Rh8 43. Bf3 Ne7 44. Be4 Re1 45. Rf3+ Nf5+ 46.
Bxf5 gxf5 47. Kg2 Rb1 48. Rb3 Rg8+ 49. Rg3 Rb8 50. Rc2 R8xb2 51. Rc6 Rd1 52.
Ra6 Rdd2 53. Rf3 Rd4 54. Kg3 Rb1 55. Rc6 Rg1+ 56. Kh2 Rdd1 57. Rg3 Rh1+ 58. Kg2
f4 59. Rgc3 Rdg1+ 60. Kf3 Kf5 61. R3c5+ e5 62. Rh6 f6 63. Rh5+ Rg5 64. Rh6 Ra1
65. Rb5 Ra3+ 66. Ke2 f3+ 67. Kd2 Rg2 0-1

[Event "SV Bönen 1 - SV Kamen 2"]
[Site "Verbandsliga - Gruppe 1 2021/"]
[Date "2021.11.14"]
[Round "2.2"]
[White "Merz, Martin"]
[Black "Georg, Felix"]
[Result "1/2-1/2"]
[WhiteElo "1984"]
[BlackElo "1962"]
[PlyCount "93"]
[EventDate "2021.??.??"]
[WhiteTeam "SV Bönen 1"]
[BlackTeam "SV Kamen 2"]

1. d4 e6 2. Nf3 f5 3. g3 Nf6 4. Bg2 Be7 5. O-O O-O 6. b3 d6 7. Bb2 Ne4 8. Nfd2
Nxd2 9. Nxd2 Nc6 10. e4 e5 11. dxe5 dxe5 12. exf5 Bxf5 13. Nc4 Bd6 14. Ne3 Be6
15. Bd5 Qe7 16. c4 Kh8 17. Bxe6 Qxe6 18. Qd5 Qe7 19. Qe4 Bc5 20. Rad1 Rae8 21.
Kg2 Bd4 22. Bc1 Qf7 23. Ba3 Rg8 24. Nc2 a5 25. Rd3 Re6 26. Rf3 Rf6 27. Rd1 Rd8
28. Rdd3 Qg6 29. Qxg6 hxg6 30. Rd1 e4 31. Rxf6 Bxf6 32. Rxd8+ Nxd8 33. Bc1 Ne6
34. Be3 Kg8 35. f3 exf3+ 36. Kxf3 Kf7 37. Ke4 Ke7 38. Ne1 Kd6 39. Nd3 Kc6 40.
h4 Kd6 41. Bf4+ Kd7 42. Be5 c6 43. a3 b6 44. b4 axb4 45. axb4 Be7 46. Bc3 Bf6
47. Be5 1/2-1/2

[Event "SV Bönen 1 - SV Kamen 2"]
[Site "Verbandsliga - Gruppe 1 2021/"]
[Date "2021.11.14"]
[Round "2.3"]
[White "Bals, Jochen"]
[Black "Fuest, Torsten"]
[Result "1/2-1/2"]
[WhiteElo "1917"]
[BlackElo "1916"]
[PlyCount "67"]
[EventDate "2021.??.??"]
[WhiteTeam "SV Kamen 2"]
[BlackTeam "SV Bönen 1"]

1. d4 Nf6 2. c4 e6 3. Nc3 Bb4 4. Qc2 Nc6 5. e3 O-O 6. Bd3 d6 7. Nge2 e5 8. d5
Nb8 9. a3 Bxc3+ 10. Nxc3 a5 11. Bd2 Na6 12. O-O Bd7 13. f3 h6 14. Rfb1 Nc5 15.
b4 Nxd3 16. Qxd3 axb4 17. axb4 Qe7 18. e4 Nh5 19. Qf1 Nf4 20. Rxa8 Rxa8 21.
Bxf4 exf4 22. Qd3 Qe5 23. Qd2 g5 24. Ne2 Ra3 25. Qb2 Qxb2 26. Rxb2 Kg7 27. Kf2
Kf6 28. g3 fxg3+ 29. hxg3 Ke5 30. g4 Ba4 31. c5 Bb5 32. cxd6 cxd6 33. Ng3 Bc4
34. Kg2 1/2-1/2

[Event "SV Bönen 1 - SV Kamen 2"]
[Site "Verbandsliga - Gruppe 1 2021/"]
[Date "2021.11.14"]
[Round "2.4"]
[White "Mönkemeyer, Maik"]
[Black "Koch, Marcel"]
[Result "1-0"]
[WhiteElo "1852"]
[BlackElo "1893"]
[PlyCount "65"]
[EventDate "2021.??.??"]
[WhiteTeam "SV Bönen 1"]
[BlackTeam "SV Kamen 2"]

1. d4 e6 2. c4 Nf6 3. Nc3 Bb4 4. e3 b6 5. Nf3 Bb7 6. Bd3 O-O 7. O-O d5 8. Bd2
Nbd7 9. Rc1 Rc8 10. cxd5 exd5 11. Nb5 Bxd2 12. Qxd2 a6 13. Na7 Ra8 14. Nc6 Bxc6
15. Rxc6 Nb8 16. Rc2 Qd6 17. Rfc1 Ra7 18. b4 c6 19. Ne5 Rc7 20. Bf5 g6 21. Bh3
Ne4 22. Qe1 f6 23. Nd3 Nd7 24. f3 Ng5 25. Qg3 Qxg3 26. hxg3 Nxh3+ 27. gxh3 Rfc8
28. Nf4 Kf7 29. Nxd5 Rb7 30. Rxc6 Rd8 31. Rc7 Rbb8 32. R1c6 f5 33. Rxb6 1-0

[Event "SV Bönen 1 - SV Kamen 2"]
[Site "Verbandsliga - Gruppe 1 2021/"]
[Date "2021.11.14"]
[Round "2.5"]
[White "Späh, Jan Lukas"]
[Black "Helmert, Jochen"]
[Result "1/2-1/2"]
[WhiteElo "1822"]
[BlackElo "1894"]
[PlyCount "75"]
[EventDate "2021.??.??"]
[WhiteTeam "SV Kamen 2"]
[BlackTeam "SV Bönen 1"]

1. Nf3 Nf6 2. g3 b5 3. Bg2 Bb7 4. d3 g6 5. O-O Bg7 6. Nbd2 d6 7. e4 e5 8. Re1
c5 9. c3 O-O 10. a4 a6 11. axb5 axb5 12. Rxa8 Bxa8 13. Qb3 Bc6 14. d4 Qc7 15.
d5 Bd7 16. Qa2 c4 17. Nf1 Bc8 18. b3 cxb3 19. Qxb3 Na6 20. N3d2 Bd7 21. Ne3 Nc5
22. Qc2 Ra8 23. Nb3 Ra4 24. Nxc5 Qxc5 25. Bd2 Qa7 26. Rb1 Ra2 27. Rb2 Ra1+ 28.
Rb1 h5 29. h3 Qa2 30. Rxa1 Qxa1+ 31. Qc1 Qa4 32. Qc2 Qa3 33. Qd3 Qb3 34. Nc2
Qb1+ 35. Kh2 h4 36. Nb4 hxg3+ 37. fxg3 Qb2 38. Qc2 1/2-1/2

[Event "SV Bönen 1 - SV Kamen 2"]
[Site "Verbandsliga - Gruppe 1 2021/"]
[Date "2021.11.14"]
[Round "2.6"]
[White "Lenz, Guntram"]
[Black "Riemer, Dominik"]
[Result "0-1"]
[WhiteElo "1850"]
[BlackElo "1774"]
[PlyCount "73"]
[EventDate "2021.??.??"]
[WhiteTeam "SV Bönen 1"]
[BlackTeam "SV Kamen 2"]

1. d4 Nf6 2. c4 g6 3. g3 Bg7 4. Bg2 O-O 5. Nf3 d6 6. O-O Nbd7 7. Nc3 e5 8. Qc2
Qe7 9. b3 h6 10. e3 a6 11. a4 a5 12. Ba3 c6 13. Rfd1 Ne8 14. e4 f5 15. Rac1
exd4 16. Nxd4 Ne5 17. exf5 gxf5 18. Re1 f4 19. Qe4 Qf7 20. Nf3 fxg3 21. hxg3
Nxf3+ 22. Bxf3 Qxf3 23. Qxf3 Rxf3 24. Rxe8+ Kf7 25. Re3 Rxe3 26. fxe3 Be5 27.
Kg2 Be6 28. Rf1+ Ke7 29. Rh1 Rg8 30. Ne4 Bf5 31. Kf3 Rg4 32. Rh5 Be6 33. Rxh6
Rg7 34. Kg2 b5 35. axb5 cxb5 36. cxb5 Bd5 37. Rh4 0-1

[Event "SV Bönen 1 - SV Kamen 2"]
[Site "Verbandsliga - Gruppe 1 2021/"]
[Date "2021.11.14"]
[Round "2.7"]
[White "Rotter, Chris"]
[Black "Wegner, Stephan"]
[Result "1/2-1/2"]
[WhiteElo "1742"]
[BlackElo "1753"]
[PlyCount "107"]
[EventDate "2021.??.??"]
[WhiteTeam "SV Kamen 2"]
[BlackTeam "SV Bönen 1"]

1. d4 Nf6 2. Nf3 e6 3. Bg5 Be7 4. g3 O-O 5. Bg2 d5 6. O-O Nbd7 7. Nbd2 b6 8. c4
Bb7 9. Rc1 Rc8 10. a3 c5 11. dxc5 Nxc5 12. b4 Nce4 13. cxd5 Bxd5 14. Rxc8 Qxc8
15. Nxe4 Bxe4 16. Qa4 Qb7 17. Rd1 b5 18. Qb3 Rc8 19. Ne1 Bxg2 20. Nxg2 h6 21.
Bxf6 Bxf6 22. Nf4 Rc3 23. Rd8+ Bxd8 24. Qxc3 Qc7 25. Qd3 a6 26. Qf3 a5 27. Nd3
axb4 28. axb4 Be7 29. Qa8+ Kh7 30. Qe8 Bf6 31. Qxb5 Qc2 32. Nf4 Qb1+ 33. Kg2
Qb2 34. Qb7 Bg5 35. Qxf7 Bxf4 36. Qxf4 Qxe2 37. Qe3 Qb5 38. Qc5 Qe2 39. b5 e5
40. h4 e4 41. b6 Qf3+ 42. Kh2 Qf7 43. Qe3 Qb7 44. Qc5 Qf7 45. Qd4 Qb7 46. Qd6
Qf7 47. Qf4 Qd5 48. g4 Qc6 49. Qc7 Qf6 50. Qg3 Qxb6 51. Qe3 Qxe3 52. fxe3 g5
53. Kg3 Kg6 54. hxg5 1/2-1/2

[Event "SV Bochum-Linden 1 - SK Sodingen/Castro"]
[Site "Verbandsliga - Gruppe 2 2021/"]
[Date "2021.11.14"]
[Round "2.2"]
[White "Boehm, Ingo"]
[Black "Haberhausen, Ansgar"]
[Result "0-1"]
[WhiteElo "2066"]
[BlackElo "1994"]
[PlyCount "102"]
[EventDate "2021.??.??"]
[WhiteTeam "SV Bochum-Linden 1"]
[BlackTeam "SK Sodingen/Castrop 2"]

1. e4 c6 2. d4 d5 3. Nc3 dxe4 4. Nxe4 Nd7 5. Bc4 e6 6. Ne2 Ngf6 7. Ng5 h6 8.
Nf3 Bd6 9. Bf4 Qc7 10. Bxd6 Qxd6 11. O-O O-O 12. Qd3 b6 13. Rad1 Bb7 14. a3 c5
15. c3 Rfd8 16. Ba6 Bc6 17. Bb5 Rac8 18. Bxc6 Qxc6 19. dxc5 Nxc5 20. Qxd8+ Rxd8
21. Rxd8+ Kh7 22. Rd2 Nfe4 23. Ned4 Qc7 24. Re2 Nf6 25. Rd1 Nce4 26. Rde1 Nd6
27. Ne5 Nd5 28. Rd2 Nf4 29. g3 Nh3+ 30. Kg2 Ng5 31. Rde2 f6 32. Nef3 e5 33.
Nxg5+ hxg5 34. Nc2 g4 35. Ne3 Qc6+ 36. Kg1 Qc8 37. Rd2 Ne4 38. Rd5 Ng5 39. Red1
Qe6 40. Rd6 Qc8 41. Rd7 Nf3+ 42. Kg2 Nd4 43. Rd5 Ne6 44. Kg1 Ng5 45. Rd7 Qc6
46. R1d5 Qa4 47. c4 Qb3 48. Rd3 Nf3+ 49. Kf1 Qxb2 50. Nxg4 Qc1+ 51. Kg2 Ne1+
0-1

[Event "SV Bochum-Linden 1 - SK Sodingen/Castro"]
[Site "Verbandsliga - Gruppe 2 2021/"]
[Date "2021.11.14"]
[Round "2.4"]
[White "Hochstein, Udo"]
[Black "Schriewer, Thomas"]
[Result "1/2-1/2"]
[WhiteElo "1883"]
[BlackElo "1865"]
[PlyCount "90"]
[EventDate "2021.??.??"]
[WhiteTeam "SV Bochum-Linden 1"]
[BlackTeam "SK Sodingen/Castrop 2"]

1. d4 d5 2. c4 c6 3. Nf3 Nf6 4. Nc3 e6 5. e3 Nbd7 6. Bd3 dxc4 7. Bxc4 b5 8. Bd3
Bb7 9. O-O a6 10. e4 c5 11. e5 cxd4 12. exf6 dxc3 13. bxc3 Nxf6 14. a4 bxa4 15.
Rxa4 Be7 16. Qe2 O-O 17. Bb2 Qc7 18. Rh4 g6 19. c4 Bxf3 20. Qxf3 e5 21. Re1 Nd7
22. Rh3 Bf6 23. Qe2 Rfe8 24. Be4 Rab8 25. Ba3 Bg7 26. Rd1 Nc5 27. Bd5 Rbd8 28.
Rb1 Rb8 29. Rd1 Rbd8 30. Rf3 Ne6 31. Qe1 Rd7 32. Re3 Red8 33. Rb1 Nc5 34. Bb2
Re8 35. f4 Rde7 36. fxe5 Bxe5 37. Bxe5 Rxe5 38. Rxe5 Rxe5 39. Qg3 Re7 40. Rb8+
Kg7 41. Qc3+ Qe5 42. Qxe5+ Rxe5 43. Rc8 Nd3 44. g3 Nb4 45. Bb7 h5 1/2-1/2

[Event "SV Bochum-Linden 1 - SK Sodingen/Castro"]
[Site "Verbandsliga - Gruppe 2 2021/"]
[Date "2021.11.14"]
[Round "2.5"]
[White "Balke, Reiner"]
[Black "Schmidt, Ralph"]
[Result "0-1"]
[WhiteElo "1856"]
[BlackElo "1859"]
[PlyCount "91"]
[EventDate "2021.??.??"]
[WhiteTeam "SK Sodingen/Castrop 2"]
[BlackTeam "SV Bochum-Linden 1"]

1. e4 e5 2. Bc4 Nc6 3. Nf3 Bc5 4. O-O Nf6 5. d3 d6 6. h3 Na5 7. Nbd2 Nxc4 8.
Nxc4 h6 9. Be3 b5 10. Bxc5 bxc4 11. Be3 cxd3 12. cxd3 c5 13. b4 cxb4 14. Qa4+
Qd7 15. Qxb4 O-O 16. Rfc1 Qe7 17. Rc2 Bd7 18. Rac1 Rfb8 19. Qa3 Ne8 20. Nd2 f5
21. f3 f4 22. Bf2 Kh7 23. d4 Qg5 24. Kh2 exd4 25. Nf1 Bb5 26. Bxd4 Qg6 27. Rd2
Rc8 28. Rcd1 Rc6 29. Bf2 Rac8 30. Qxa7 Rc1 31. Kg1 Rxd1 32. Rxd1 Be2 33. Rd2
Bxf3 34. Bd4 Bxe4 35. Qa3 Rc2 36. Rxc2 Bxc2 37. Nd2 Nc7 38. Nf3 Be4 39. Bf2 d5
40. Qb3 Ne6 41. Qd1 d4 42. Nh4 Qf6 43. Qe2 Ng5 44. Kh2 d3 45. Qd1 Qb2 46. Nf3
0-1

[Event "SV Bochum-Linden 1 - SK Sodingen/Castro"]
[Site "Verbandsliga - Gruppe 2 2021/"]
[Date "2021.11.14"]
[Round "2.6"]
[White "Pappert, Thomas"]
[Black "Cobanoglu, Ferhat"]
[Result "0-1"]
[WhiteElo "1831"]
[BlackElo "1832"]
[PlyCount "172"]
[EventDate "2021.??.??"]
[WhiteTeam "SV Bochum-Linden 1"]
[BlackTeam "SK Sodingen/Castrop 2"]

1. c4 d6 2. Nc3 e5 3. e4 Nf6 4. d3 c6 5. f4 Nbd7 6. Nf3 a6 7. Be2 b5 8. b3 Be7
9. O-O O-O 10. Qe1 Bb7 11. fxe5 dxe5 12. Kh1 Re8 13. Bb2 Bb4 14. a3 Bd6 15. Nd1
Nc5 16. Qc3 a5 17. Ne3 b4 18. Qc2 a4 19. bxa4 b3 20. Qc3 Qb6 21. Nf5 Bf8 22.
Qe1 Nfd7 23. Qg3 Re6 24. Nxe5 Nxe5 25. Bxe5 Rg6 26. Qf2 f6 27. Bd4 Qa5 28. Nh4
Rg5 29. Bxf6 gxf6 30. Nf3 Rg7 31. Nd4 Qd8 32. Nf5 Rg6 33. Qe3 Ne6 34. d4 c5 35.
d5 Nd4 36. Nxd4 cxd4 37. Qxd4 Rxa4 38. Qb2 Qb6 39. Rf3 Ba6 40. Rxb3 Qf2 41. Bf3
Qxb2 42. Rxb2 Bxc4 43. Rb8 Kg7 44. Rd1 Rxa3 45. d6 Rxf3 46. Rxf8 Rf1+ 47. Rxf1
Bxf1 48. Re8 Bxg2+ 49. Kg1 Bxe4+ 50. Kf2 Rg2+ 51. Ke3 Bf5 52. d7 Bxd7 53. Re7+
Kg6 54. Rxd7 Rxh2 55. Kf3 Ra2 56. Rd8 Ra5 57. Rg8+ Kf5 58. Rh8 Ra3+ 59. Kg2 Ra7
60. Kg3 Rg7+ 61. Kf3 Kg5 62. Rb8 h5 63. Rb1 f5 64. Rb2 Rc7 65. Rb3 h4 66. Ra3
Rc2 67. Rb3 Rh2 68. Rb4 Rh3+ 69. Kf2 Rg3 70. Rb5 Rc3 71. Kg2 Kg4 72. Rb8 Rc2+
73. Kh1 f4 74. Rg8+ Kf3 75. Rg2 Rf2 76. Rg1 h3 77. Ra1 Re2 78. Ra3+ Re3 79. Ra1
Kf2 80. Kh2 Re1 81. Ra3 Re3 82. Ra2+ Kf1 83. Ra1+ Ke2 84. Ra2+ Kd3 85. Kg1 Re1+
86. Kf2 h2 0-1

[Event "SV Bochum-Linden 1 - SK Sodingen/Castro"]
[Site "Verbandsliga - Gruppe 2 2021/"]
[Date "2021.11.14"]
[Round "2.7"]
[White "Schaefer, Michael"]
[Black "Kandyba, Andriy"]
[Result "0-1"]
[WhiteElo "1659"]
[BlackElo "1958"]
[PlyCount "78"]
[EventDate "2021.??.??"]
[WhiteTeam "SK Sodingen/Castrop 2"]
[BlackTeam "SV Bochum-Linden 1"]

1. d4 Nf6 2. c4 c5 3. d5 e6 4. Nc3 exd5 5. cxd5 d6 6. e4 a6 7. a4 Be7 8. Nf3
Bg4 9. Be2 Bxf3 10. Bxf3 O-O 11. O-O Re8 12. Re1 Nbd7 13. Bf4 Bf8 14. g3 Ne5
15. Bxe5 Rxe5 16. Bg2 Nd7 17. f4 Re8 18. a5 g6 19. Qd2 Bg7 20. Kh1 Rb8 21. Bf1
Qf6 22. Bh3 Rbd8 23. Bxd7 Rxd7 24. Re2 h5 25. Rf1 Qd4 26. Qxd4 cxd4 27. Na4 Rc7
28. Nb6 d3 29. Rd2 Rxe4 30. b3 Rc2 31. Rfd1 Re2 32. Nc4 Rexd2 33. Nxd2 Bc3 34.
Ne4 d2 35. Nxc3 Rxc3 36. Rxd2 Rxb3 37. Kg2 Rb5 38. Kf3 Rxa5 39. Rc2 Rxd5 0-1

[Event "SV Bochum-Linden 1 - SK Sodingen/Castro"]
[Site "Verbandsliga - Gruppe 2 2021/"]
[Date "2021.11.14"]
[Round "2.8"]
[White "Schuetz, Paul"]
[Black "Baumeister, Christoph"]
[Result "0-1"]
[WhiteElo "1584"]
[BlackElo "1932"]
[PlyCount "80"]
[EventDate "2021.??.??"]
[WhiteTeam "SV Bochum-Linden 1"]
[BlackTeam "SK Sodingen/Castrop 2"]

1. Nf3 Nf6 2. g3 d6 3. d3 g6 4. Bg2 Bg7 5. O-O O-O 6. e4 e5 7. Nc3 c6 8. Ne2
Nbd7 9. Bd2 Nh5 10. g4 Nhf6 11. h3 Re8 12. Qc1 Nf8 13. Nh2 d5 14. f3 Be6 15.
Ng3 Rc8 16. Be3 c5 17. g5 N6d7 18. f4 exf4 19. Bxf4 Ne5 20. Qe1 Qd7 21. h4 Bh3
22. h5 Bxg2 23. Kxg2 Ne6 24. Bd2 Nd4 25. Rc1 c4 26. c3 Nxd3 27. Qe3 Nxc1 28.
Bxc1 Nc6 29. Rf4 d4 30. Qf3 Ne5 31. Qf1 d3 32. Bd2 Re7 33. Nf3 Nxf3 34. Qxf3
Rce8 35. Qg4 Qc6 36. h6 Be5 37. Rf3 Bxg3 38. Kxg3 Rxe4 39. Rf4 Re2 40. Rf6 Qg2+
0-1

[Event "SC Hansa Dortmund 2 - SV Unser Fritz 1"]
[Site "Verbandsliga - Gruppe 2 2021/"]
[Date "2021.11.14"]
[Round "2.1"]
[White "Distelrath, Oliver"]
[Black "Burchert, Wolfgang"]
[Result "0-1"]
[WhiteElo "1858"]
[BlackElo "2037"]
[PlyCount "52"]
[EventDate "2021.??.??"]
[WhiteTeam "SV Unser Fritz 1"]
[BlackTeam "SC Hansa Dortmund 2"]

1. e4 c5 2. Nc3 Nc6 3. f4 g6 4. Nf3 Bg7 5. Bb5 Nd4 6. O-O Nxb5 7. Nxb5 d5 8. e5
d4 9. Qe2 a6 10. Na3 Nh6 11. d3 O-O 12. Nc4 b5 13. Ncd2 Bb7 14. Ne4 Qd5 15. b3
f6 16. a4 Nf7 17. axb5 axb5 18. Rxa8 Rxa8 19. exf6 exf6 20. b4 cxb4 21. Bd2 b3
22. cxb3 f5 23. Neg5 Qxb3 24. Ne6 Re8 25. Re1 Bd5 26. Nfxd4 Bxd4+ 0-1

[Event "SC Hansa Dortmund 2 - SV Unser Fritz 1"]
[Site "Verbandsliga - Gruppe 2 2021/"]
[Date "2021.11.14"]
[Round "2.2"]
[White "Zelt, Jens"]
[Black "Nowicki, Heiko"]
[Result "1-0"]
[WhiteElo "2000"]
[BlackElo "1787"]
[PlyCount "73"]
[EventDate "2021.??.??"]
[WhiteTeam "SC Hansa Dortmund 2"]
[BlackTeam "SV Unser Fritz 1"]

1. d4 g6 2. c3 Bg7 3. Bf4 Nf6 4. Nf3 d6 5. h3 O-O 6. e3 c5 7. dxc5 dxc5 8. Nbd2
Nc6 9. Be2 b6 10. Qc2 Bb7 11. O-O Nd5 12. Bg3 Qc8 13. Rfd1 Nc7 14. a4 Re8 15.
Nc4 Ne6 16. Rd2 Rd8 17. Rad1 Rxd2 18. Rxd2 Qe8 19. Qb3 Ba6 20. Nd6 exd6 21.
Bxa6 Na5 22. Qd1 Nc7 23. Be2 Nb7 24. Bxd6 Nxd6 25. Rxd6 Ne6 26. Bb5 Qf8 27. Bc4
Rd8 28. Rd7 Rxd7 29. Qxd7 Nd8 30. Ng5 h6 31. Ne4 Be5 32. f4 Bg7 33. Nd6 Bf6 34.
Bd5 Be7 35. Nc8 Bh4 36. Nxa7 Bg3 37. Nc8 1-0

[Event "SC Hansa Dortmund 2 - SV Unser Fritz 1"]
[Site "Verbandsliga - Gruppe 2 2021/"]
[Date "2021.11.14"]
[Round "2.3"]
[White "Rutz, Dirk"]
[Black "Linker, Walter"]
[Result "1/2-1/2"]
[WhiteElo "2003"]
[BlackElo "1991"]
[PlyCount "56"]
[EventDate "2021.??.??"]
[WhiteTeam "SV Unser Fritz 1"]
[BlackTeam "SC Hansa Dortmund 2"]

1. c4 e5 2. Nc3 d6 3. g3 c6 4. Bg2 f5 5. d4 Qc7 6. Nf3 Nf6 7. O-O Be7 8. b3 O-O
9. dxe5 dxe5 10. Qc2 Na6 11. a3 Kh8 12. Bb2 e4 13. Nd4 Ng4 14. h3 Ne5 15. Rad1
Bd7 16. Qc1 Rad8 17. Na4 Ng6 18. e3 Ne5 19. Qa1 Bf6 20. Ne2 Nd3 21. Bxf6 Rxf6
22. Nf4 Nxf4 23. exf4 Rff8 24. Rd2 Be6 25. Rfd1 Rxd2 26. Rxd2 b5 27. Nb2 Nc5
28. Qd1 bxc4 1/2-1/2

[Event "SC Hansa Dortmund 2 - SV Unser Fritz 1"]
[Site "Verbandsliga - Gruppe 2 2021/"]
[Date "2021.11.14"]
[Round "2.4"]
[White "Krueger, Simon"]
[Black "Mikulski, Georg"]
[Result "1/2-1/2"]
[WhiteElo "1979"]
[BlackElo "1902"]
[PlyCount "69"]
[EventDate "2021.??.??"]
[WhiteTeam "SC Hansa Dortmund 2"]
[BlackTeam "SV Unser Fritz 1"]

1. e4 e5 2. Nf3 Nc6 3. Bc4 Nf6 4. Ng5 d5 5. exd5 Na5 6. Bb5+ c6 7. dxc6 bxc6 8.
Qf3 h6 9. Ne4 Nd5 10. Nbc3 cxb5 11. Nxd5 Bb7 12. Ne3 Be7 13. d3 Bb4+ 14. Ke2
Nc6 15. c3 Be7 16. Nf5 Bf8 17. g4 g6 18. Ne3 Bg7 19. Qh3 Qe7 20. b4 O-O-O 21.
f3 Kb8 22. a4 a6 23. Rd1 Rhf8 24. axb5 axb5 25. Bb2 f5 26. gxf5 gxf5 27. Nc5
Nd4+ 28. Kf2 Bxf3 29. Rg1 Bg4 30. Qg3 Ne2 31. Qg2 Qh4+ 32. Kf1 Bh3 33. Ra8+ Kc7
34. Ra7+ Kc8 35. Ra8+ 1/2-1/2

[Event "SC Hansa Dortmund 2 - SV Unser Fritz 1"]
[Site "Verbandsliga - Gruppe 2 2021/"]
[Date "2021.11.14"]
[Round "2.5"]
[White "Tober, Julian"]
[Black "Hillebrand, Carsten"]
[Result "0-1"]
[WhiteElo "1795"]
[BlackElo "1939"]
[PlyCount "57"]
[EventDate "2021.??.??"]
[WhiteTeam "SV Unser Fritz 1"]
[BlackTeam "SC Hansa Dortmund 2"]

1. e4 c5 2. d4 cxd4 3. Qxd4 Nc6 4. Qe3 Nf6 5. Nc3 d6 6. Bd2 g6 7. O-O-O Bg7 8.
f4 O-O 9. h3 Nd7 10. g4 Qb6 11. Qxb6 Nxb6 12. Nge2 Nc4 13. Be1 Ne3 14. Rd3 Nxf1
15. Rxf1 b6 16. Rg3 Ba6 17. Rh1 Rac8 18. h4 Nb4 19. a3 Nxc2 20. Kxc2 Bxe2 21.
Kb1 Ba6 22. Nd5 Rfe8 23. h5 e6 24. Nc3 Bb7 25. hxg6 Rxc3 26. Rxh7 Bxe4+ 27. Ka2
Rxg3 28. gxf7+ Kxf7 29. Bxg3 0-1

[Event "SC Hansa Dortmund 2 - SV Unser Fritz 1"]
[Site "Verbandsliga - Gruppe 2 2021/"]
[Date "2021.11.14"]
[Round "2.6"]
[White "Dawid, Adalbert"]
[Black "Prang, Andreas"]
[Result "1-0"]
[WhiteElo "1892"]
[BlackElo "1765"]
[PlyCount "69"]
[EventDate "2021.??.??"]
[WhiteTeam "SC Hansa Dortmund 2"]
[BlackTeam "SV Unser Fritz 1"]

1. d4 Nf6 2. c4 c5 3. d5 b5 4. Nf3 Bb7 5. a4 bxc4 6. Nc3 g6 7. e4 d6 8. Bxc4
Ba6 9. Qe2 Bxc4 10. Qxc4 Bg7 11. h3 O-O 12. O-O Nbd7 13. Bf4 Rb8 14. Qe2 Rb4
15. Ra2 Qb6 16. Bc1 Nh5 17. g4 Nhf6 18. Ne1 e6 19. Nc2 Rb3 20. Na1 exd5 21.
Nxb3 Qxb3 22. Ra3 Qb7 23. exd5 Nb6 24. Rd1 Re8 25. Qb5 Qe7 26. Bf4 Nfd7 27. a5
Nc8 28. Bd2 Ne5 29. Qe2 Qf6 30. f4 Qh4 31. Kg2 Ne7 32. fxe5 Bxe5 33. Ne4 Nxd5
34. Bg5 Nf4+ 35. Bxf4 1-0

[Event "SC Hansa Dortmund 2 - SV Unser Fritz 1"]
[Site "Verbandsliga - Gruppe 2 2021/"]
[Date "2021.11.14"]
[Round "2.7"]
[White "Goessling, Juergen"]
[Black "Lin, Yi"]
[Result "0-1"]
[WhiteElo "1709"]
[BlackElo "1837"]
[PlyCount "86"]
[EventDate "2021.??.??"]
[WhiteTeam "SV Unser Fritz 1"]
[BlackTeam "SC Hansa Dortmund 2"]

1. e4 d6 2. d4 Nf6 3. f3 Nbd7 4. Be3 e5 5. c3 Be7 6. Bd3 c6 7. Ne2 Qc7 8. Nd2
a5 9. O-O O-O 10. f4 Ng4 11. Bf2 Nxf2 12. Rxf2 Nf6 13. f5 d5 14. exd5 cxd5 15.
dxe5 Qxe5 16. Nf3 Qc7 17. Ned4 Bd7 18. Re2 Bd6 19. Qc2 Rfe8 20. Rae1 Rxe2 21.
Rxe2 h6 22. Qd1 Re8 23. Kh1 Qb6 24. Rxe8+ Bxe8 25. Qe2 Bd7 26. Bb5 Qc7 27. Nd2
Bxh2 28. Bxd7 Nxd7 29. Qe8+ Nf8 30. f6 Qe5 31. Qb5 Bg3 32. fxg7 Kxg7 33. N2f3
Qh5+ 34. Kg1 Qg6 35. Qf1 Ne6 36. Ne2 Bc7 37. Nh4 Qf6 38. Nf5+ Kh8 39. Qf3 Bb6+
40. Kh1 Ng7 41. Neg3 Nxf5 42. Nxf5 Qg5 43. Nd6 Qh4+ 0-1

[Event "SC Hansa Dortmund 2 - SV Unser Fritz 1"]
[Site "Verbandsliga - Gruppe 2 2021/"]
[Date "2021.11.14"]
[Round "2.8"]
[White "Werner, Patrick"]
[Black "Weiss, Ernst"]
[Result "1/2-1/2"]
[WhiteElo "1765"]
[BlackElo "1728"]
[PlyCount "55"]
[EventDate "2021.??.??"]
[WhiteTeam "SC Hansa Dortmund 2"]
[BlackTeam "SV Unser Fritz 1"]

1. Nf3 b6 2. g3 Bb7 3. Bg2 Nf6 4. b3 e6 5. Bb2 Be7 6. O-O O-O 7. d4 d6 8. Nbd2
Nbd7 9. c4 c5 10. e3 Ne4 11. Nxe4 Bxe4 12. Qe2 Qc7 13. Rfd1 Bf6 14. Bh3 Rad8
15. Ne1 Bg6 16. f4 h6 17. Nf3 Qb7 18. Nd2 d5 19. Bg2 Qa6 20. Qf2 dxc4 21. Nxc4
cxd4 22. exd4 b5 23. Ne5 Nxe5 24. fxe5 Be7 25. a4 bxa4 26. Rxa4 Qb6 27. Rda1
Qxb3 28. Rxa7 1/2-1/2

[Event "Weiße Dame Borbeck 1 - SV Bottrop 1"]
[Site "Verbandsliga - Gruppe 2 2021/"]
[Date "2021.11.14"]
[Round "2.1"]
[White "Stadtmann, Jens"]
[Black "Loyen, Egbert"]
[Result "1/2-1/2"]
[WhiteElo "2184"]
[BlackElo "2175"]
[PlyCount "34"]
[EventDate "2021.??.??"]
[WhiteTeam "SV Bottrop 1"]
[BlackTeam "Weiße Dame Borbeck 1"]

1. e4 c5 2. Nc3 Nc6 3. g3 g6 4. d3 Bg7 5. Be3 d6 6. Qd2 Nd4 7. Nd1 e5 8. Bg2
Ne7 9. c3 Ndc6 10. Ne2 O-O 11. O-O Be6 12. Bh6 d5 13. Bxg7 Kxg7 14. Qc2 f5 15.
f3 Qd7 16. Nf2 Rac8 17. Rad1 d4 1/2-1/2

[Event "Weiße Dame Borbeck 1 - SV Bottrop 1"]
[Site "Verbandsliga - Gruppe 2 2021/"]
[Date "2021.11.14"]
[Round "2.2"]
[White "Hillenbrand, Michael"]
[Black "Boehm, Joachim"]
[Result "0-1"]
[WhiteElo "2064"]
[BlackElo "2194"]
[PlyCount "104"]
[EventDate "2021.??.??"]
[WhiteTeam "Weiße Dame Borbeck 1"]
[BlackTeam "SV Bottrop 1"]

1. c4 e6 2. Nf3 d5 3. e3 Nf6 4. g3 c6 5. b3 Be7 6. Bb2 O-O 7. Bg2 b6 8. O-O Bb7
9. Qc2 Nbd7 10. d3 Rc8 11. Nbd2 Qc7 12. Rac1 Qb8 13. Qb1 Rfd8 14. Rfd1 c5 15.
cxd5 Nxd5 16. Nc4 Bf6 17. d4 Ba8 18. e4 Nb4 19. a3 Nc6 20. d5 exd5 21. exd5 Ne7
22. d6 Ng6 23. Bxf6 Nxf6 24. Qf5 Be4 25. Qh3 Bd5 26. Qf5 Be6 27. Qd3 Bxc4 28.
bxc4 Rc6 29. Ng5 Rcxd6 30. Qe2 Re8 31. Qc2 Rxd1+ 32. Rxd1 Qe5 33. h4 h6 34. Nf3
Qc7 35. Qf5 Ne5 36. Nxe5 Qxe5 37. Qc2 g6 38. Bf3 Kg7 39. Kg2 g5 40. hxg5 hxg5
41. Qd2 Qf5 42. Qc3 g4 43. Bc6 Re2 44. Rf1 Re6 45. Bd5 Qe5 46. Qd2 Nxd5 47.
cxd5 Qe4+ 48. f3 Qe2+ 49. Rf2 gxf3+ 50. Kh3 Rh6+ 51. Kg4 Qe4+ 52. Qf4 f5+ 0-1

[Event "Weiße Dame Borbeck 1 - SV Bottrop 1"]
[Site "Verbandsliga - Gruppe 2 2021/"]
[Date "2021.11.14"]
[Round "2.3"]
[White "Mohrholz, Uwe"]
[Black "Klasmeier, Jens"]
[Result "1/2-1/2"]
[WhiteElo "2016"]
[BlackElo "2047"]
[PlyCount "53"]
[EventDate "2021.??.??"]
[WhiteTeam "SV Bottrop 1"]
[BlackTeam "Weiße Dame Borbeck 1"]

1. e4 c5 2. Nc3 d6 3. g3 Nf6 4. Bg2 g6 5. d3 Bg7 6. Nd5 Nxd5 7. exd5 Qa5+ 8.
Bd2 Qb5 9. Bc3 Bxc3+ 10. bxc3 Nd7 11. Ne2 Nf6 12. Rb1 Qa5 13. Rb2 b5 14. O-O h5
15. h3 Bd7 16. Re1 Kf8 17. Qd2 Re8 18. Qf4 Kg7 19. Kf1 Qa3 20. Qc1 e6 21. dxe6
Rxe6 22. Rb3 Qxc1 23. Nxc1 a5 24. Rxe6 fxe6 25. a3 Rf8 26. Ne2 g5 27. Rb1
1/2-1/2